| 000 | 00415nam a22001337a 4500 | ||
|---|---|---|---|
| 082 |
_a947 _bKNI _cD |
||
| 100 |
_aKnickerbocker, H.R _950228 |
||
| 245 |
_aThe Soviet five year pland and its effect on world trade / _cH.R Knickerbocker |
||
| 260 |
_aLondon : _bJohn Lane the Bodley head Ltd, _c1947 p. : |
||
| 300 | _axx 244 p. : | ||
| 526 |
_a0 _b0 _c0 _d947_000000000000000_KNI |
||
| 650 |
_aMCE _9379 |
||
| 942 |
_2ddc _cBK |
||
| 999 |
_c552952 _d552952 |
||